00286nam a2200121Ia 4500008004100000041000800041082001200049100001600061245001300077260003800090300001900128999001700147241015s9999 xx 000 0 und d aeng a428 CUR aAnne Curzan aSays Who bcrownpublishing.conaLondonc2024 a321;. P. 23 cm c41945d41945